[Event "XtraCon-Skakligaen"]
[Site "Denmark"]
[Date "2015.01.11"]
[Round "5.8"]
[White "Jensen, Vagn"]
[Black "Hansen, Mads"]
[Result "0-1"]
[WhiteElo "2147"]
[BlackElo "2320"]
[PlyCount "62"]
[EventDate "2014.10.25"]
[EventType "team-tourn"]
[EventRounds "9"]
[EventCountry "DEN"]
[WhiteTeam "AarhusSkolerne"]
[BlackTeam "Skanderborg"]
[WhiteTeamCountry "DEN"]
[BlackTeamCountry "DEN"]

1. e4 e5 2. Nc3 Nf6 3. f4 d5 4. fxe5 Nxe4 5. Nf3 c5 6. d3 Nxc3 7. bxc3 Nc6 8.
Be2 Be7 9. O-O O-O 10. Bf4 Be6 11. Qe1 Qa5 12. Qg3 Qxc3 13. Bh6 g6 14. Bxf8
Bxf8 15. Rae1 h6 16. Bd1 Bg7 17. Re2 b5 18. h4 Kh7 19. Rfe1 b4 20. Qf4 Qa3 21.
Nh2 Re8 22. Ng4 Bxg4 23. Qxg4 Nxe5 24. Qf4 f6 25. h5 Qc3 26. hxg6+ Nxg6 27. Qg4
f5 28. Qf3 Rf8 29. Re8 Be5 30. R1xe5 Nxe5 31. Qh5 Qe1+ 0-1

[Event "XtraCon-Skakligaen"]
[Site "Denmark"]
[Date "2015.01.11"]
[Round "5.1"]
[White "Hansen, Mads Smith"]
[Black "Hillarp Persson, Tiger"]
[Result "0-1"]
[WhiteElo "2378"]
[BlackElo "2555"]
[PlyCount "77"]
[EventDate "2014.10.25"]
[EventType "team-tourn"]
[EventRounds "9"]
[EventCountry "DEN"]
[WhiteTeam "Obro"]
[BlackTeam "Bronshoj"]
[WhiteTeamCountry "DEN"]
[BlackTeamCountry "DEN"]

1. d4 Nf6 2. Bg5 d5 3. Nd2 c5 4. Bxf6 gxf6 5. e3 cxd4 6. exd4 h5 7. Ngf3 Nc6 8.
Be2 e5 9. c3 e4 10. Ng1 h4 11. Qb3 a6 12. f3 f5 13. f4 Rg8 14. Nf1 Rxg2 15. Nh3
Na5 16. Qd1 Be6 17. Ne3 Rg8 18. Kf2 Qb6 19. b4 Nc6 20. Rg1 Rxg1 21. Qxg1 O-O-O
22. Qg5 Be7 23. Qg7 Kb8 24. a4 Qc7 25. b5 axb5 26. axb5 Na5 27. Rc1 Bd6 28. Qh6
Qe7 29. b6 Rc8 30. Bb5 Qd8 31. Be2 Qxb6 32. Qxh4 Nb3 33. Rc2 Na5 34. Ra2 Qb1
35. Rd2 Qc1 36. Rd1 Qxc3 37. Ng5 Nb3 38. Qg3 Nxd4 39. Nxe6 0-1

[Event "XtraCon-Skakligaen"]
[Site "Denmark"]
[Date "2015.01.11"]
[Round "5.2"]
[White "Hoi, Carsten"]
[Black "Hansen, Soren Bech"]
[Result "1/2-1/2"]
[WhiteElo "2395"]
[BlackElo "2296"]
[PlyCount "98"]
[EventDate "2014.10.25"]
[EventType "team-tourn"]
[EventRounds "9"]
[EventCountry "DEN"]
[WhiteTeam "Bronshoj"]
[BlackTeam "Obro"]
[WhiteTeamCountry "DEN"]
[BlackTeamCountry "DEN"]

1. Nf3 Nf6 2. c4 e6 3. e3 b6 4. Nc3 Bb7 5. a3 Be7 6. d4 d5 7. cxd5 exd5 8. b4
O-O 9. Bd3 Nbd7 10. O-O a6 11. Ne5 Bd6 12. f4 Ne4 13. Nxe4 dxe4 14. Bc4 Qe7 15.
Bd2 Rad8 16. Qe2 b5 17. Bb3 Nb6 18. Rac1 Bxe5 19. fxe5 Bd5 20. Bxd5 Rxd5 21.
Rc6 Qd7 22. Rfc1 Nc4 23. R1xc4 bxc4 24. Qxc4 Qg4 25. Qf1 f6 26. h3 Qd7 27. Qc4
fxe5 28. Rxc7 Qb5 29. Bc3 Qxc4 30. Rxc4 exd4 31. Bxd4 Rfd8 32. Kf2 Kf7 33. g4
g5 34. Rc6 R5d6 35. Rc5 Rd5 36. Rc6 R8d6 37. Rc7+ Rd7 38. Rc6 R5d6 39. Rc5 Rd5
40. Rc6 a5 41. Rh6 Ke8 42. Kg3 axb4 43. axb4 Rf7 44. h4 Kd7 45. hxg5 Rxg5 46.
Kh4 Rd5 47. Ra6 Re7 48. g5 Re6 49. Ra7+ Kc6 1/2-1/2

[Event "XtraCon-Skakligaen"]
[Site "Denmark"]
[Date "2015.01.11"]
[Round "5.3"]
[White "Rasmussen, Casper Dahl"]
[Black "Aabling Thomsen, Jakob"]
[Result "1/2-1/2"]
[WhiteElo "2325"]
[BlackElo "2316"]
[PlyCount "127"]
[EventDate "2014.10.25"]
[EventType "team-tourn"]
[EventRounds "9"]
[EventCountry "DEN"]
[WhiteTeam "Obro"]
[BlackTeam "Bronshoj"]
[WhiteTeamCountry "DEN"]
[BlackTeamCountry "DEN"]

1. e4 c5 2. Nf3 d6 3. Bb5+ Nc6 4. O-O Bg4 5. h3 Bh5 6. c3 Rc8 7. d3 a6 8. Bxc6+
Rxc6 9. Re1 Nf6 10. Nbd2 e6 11. Nf1 Be7 12. Ng3 Bg6 13. Nh4 d5 14. Nxg6 hxg6
15. Bg5 dxe4 16. dxe4 Nh5 17. Qxd8+ Bxd8 18. Bxd8 Kxd8 19. Rad1+ Ke7 20. Nxh5
gxh5 21. f4 Rb6 22. Re2 Rd8 23. Rxd8 Kxd8 24. Kf2 Rd6 25. Kg3 Rd3+ 26. Kh4 g6
27. Kg5 Ke7 28. f5 Rg3+ 29. Kh4 Rd3 30. Kg5 Rg3+ 31. Kh4 Rd3 32. fxg6 fxg6 33.
e5 Kf7 34. g4 Kg7 35. gxh5 gxh5 36. Rg2+ Kf7 37. Rf2+ Ke7 38. Rg2 Kf7 39. Rg5
Re3 40. Rxh5 Kg6 41. Rg5+ Kh6 42. Rg8 Rxe5 43. Rb8 b5 44. Rb6 Re4+ 45. Kg3 Re2
46. Rxa6 Rxb2 47. Rxe6+ Kg7 48. Rc6 c4 49. a4 bxa4 50. Rxc4 a3 51. Kg4 Rc2 52.
Rc7+ Kf6 53. Rc6+ Ke5 54. h4 Kd5 55. Rc8 a2 56. Ra8 Kc4 57. Ra3 Kd3 58. h5 Kd2
59. h6 Kc1 60. h7 Rh2 61. Rxa2 Rxh7 62. c4 Rc7 63. Ra4 Kc2 64. Kf5 1/2-1/2

[Event "XtraCon-Skakligaen"]
[Site "Denmark"]
[Date "2015.01.11"]
[Round "5.4"]
[White "Pilgaard, Kim"]
[Black "Larsen, Karsten"]
[Result "1-0"]
[WhiteElo "2400"]
[BlackElo "2247"]
[PlyCount "63"]
[EventDate "2014.10.25"]
[EventType "team-tourn"]
[EventRounds "9"]
[EventCountry "DEN"]
[WhiteTeam "Bronshoj"]
[BlackTeam "Obro"]
[WhiteTeamCountry "DEN"]
[BlackTeamCountry "DEN"]

1. d4 d5 2. c4 e6 3. Nc3 Nf6 4. cxd5 exd5 5. Bg5 Be7 6. e3 O-O 7. Bd3 c6 8. Qc2
Nbd7 9. Nge2 Re8 10. O-O Nf8 11. f3 Be6 12. Rad1 Rc8 13. Kh1 Rc7 14. a3 Ng6 15.
Nf4 Bc8 16. Rc1 Bd6 17. Nxg6 hxg6 18. e4 dxe4 19. fxe4 Be7 20. Bf4 Rd7 21. e5
Nd5 22. e6 fxe6 23. Nxd5 exd5 24. Bxg6 Rf8 25. Qe2 Rf6 26. Qh5 Rxg6 27. Qxg6
Bf6 28. Rce1 Re7 29. Bg5 Bxg5 30. Qxg5 Re8 31. Qxd8 Rxd8 32. Re7 1-0

[Event "XtraCon-Skakligaen"]
[Site "Denmark"]
[Date "2015.01.11"]
[Round "5.5"]
[White "Kaaber Hansen, Jacob"]
[Black "Bromann, Thorbjorn"]
[Result "0-1"]
[WhiteElo "2262"]
[BlackElo "2438"]
[PlyCount "82"]
[EventDate "2014.10.25"]
[EventType "team-tourn"]
[EventRounds "9"]
[EventCountry "DEN"]
[WhiteTeam "Obro"]
[BlackTeam "Bronshoj"]
[WhiteTeamCountry "DEN"]
[BlackTeamCountry "DEN"]

1. c4 e5 2. Nc3 d6 3. g3 Nc6 4. Bg2 Be6 5. d3 Qd7 6. b4 g6 7. Rb1 Bg7 8. e4 f5
9. Nge2 fxe4 10. b5 Nd8 11. Nxe4 a6 12. Qa4 Ne7 13. N2c3 h6 14. O-O O-O 15. b6
c6 16. Ba3 Nf7 17. Bc1 Nf5 18. Be3 Rad8 19. Ne2 Qe7 20. Bc1 g5 21. h3 Nh8 22.
Qc2 Ng6 23. Bb2 Rf7 24. Rbd1 Nf8 25. Ba3 Rd7 26. N4c3 Qd8 27. Rb1 Ng6 28. Nd5
Rf8 29. Nc7 Bf7 30. Qa4 Nge7 31. Bb4 Nc8 32. Ba5 Nfe7 33. Nxa6 Bg6 34. Qc2 Qe8
35. Nc7 Qf7 36. Nc3 Qxc4 37. Rfd1 Qf7 38. Ne4 Nf5 39. Rf1 Nd4 40. Qd1 Qxa2 41.
Bc3 Ne2+ 0-1

[Event "XtraCon-Skakligaen"]
[Site "Denmark"]
[Date "2015.01.11"]
[Round "5.6"]
[White "Palm, Nikolaj"]
[Black "Schou Moldt, Thomas"]
[Result "1-0"]
[WhiteElo "2340"]
[BlackElo "2228"]
[PlyCount "79"]
[EventDate "2014.10.25"]
[EventType "team-tourn"]
[EventRounds "9"]
[EventCountry "DEN"]
[WhiteTeam "Bronshoj"]
[BlackTeam "Obro"]
[WhiteTeamCountry "DEN"]
[BlackTeamCountry "DEN"]

1. d4 Nf6 2. c4 e6 3. Nc3 d5 4. Nf3 Be7 5. Bf4 O-O 6. e3 c6 7. Bd3 dxc4 8. Bxc4
b5 9. Bd3 Bb7 10. O-O Nbd7 11. a3 Re8 12. h3 a6 13. b4 Nf8 14. e4 N6d7 15. e5
Nb6 16. Ne4 Nd5 17. Bd2 Ra7 18. Qc2 g6 19. Rfe1 Ba8 20. g3 Nd7 21. h4 f5 22.
exf6 Bxf6 23. Neg5 Nf8 24. Re2 Rae7 25. Rae1 Bg7 26. Ne4 Qc7 27. Nc5 Qc8 28.
Bg5 Ra7 29. Bd2 Rae7 30. Ne5 Bf6 31. f4 Bg7 32. Rh2 Bxe5 33. fxe5 Rd8 34. Bg5
Rdd7 35. Nxd7 Rxd7 36. Rf2 Rf7 37. Rxf7 Kxf7 38. Rf1+ Kg8 39. Bh6 Nd7 40. Bxg6
1-0

[Event "XtraCon-Skakligaen"]
[Site "Denmark"]
[Date "2015.01.11"]
[Round "5.7"]
[White "Jorgensen, Dennis"]
[Black "Greger, Roland Reinhard"]
[Result "1-0"]
[WhiteElo "2243"]
[BlackElo "2331"]
[PlyCount "131"]
[EventDate "2014.10.25"]
[EventType "team-tourn"]
[EventRounds "9"]
[EventCountry "DEN"]
[WhiteTeam "Obro"]
[BlackTeam "Bronshoj"]
[WhiteTeamCountry "DEN"]
[BlackTeamCountry "DEN"]

1. d4 Nf6 2. Nf3 e6 3. c4 b6 4. g3 Bb7 5. Bg2 Be7 6. O-O O-O 7. d5 exd5 8. Nh4
c6 9. cxd5 Nxd5 10. Nf5 Nc7 11. e4 Nba6 12. Re1 d6 13. Bf4 Ne8 14. Nc3 Nac7 15.
Qd2 Ne6 16. Be3 Bf6 17. Rad1 g6 18. Nd4 Nxd4 19. Bxd4 Bxd4 20. Qxd4 Qe7 21. f4
Rd8 22. Re2 Nc7 23. Red2 Ne6 24. Qf2 Ng7 25. Qd4 Ne6 26. Qf2 Ng7 27. Qd4 f5 28.
Qa4 fxe4 29. Nxe4 d5 30. Nf2 a5 31. Qb3 Qb4 32. Qf3 Rde8 33. Nd3 Qb5 34. Qf2
Ba6 35. Bf1 Bb7 36. Ne5 Qc5 37. Qxc5 bxc5 38. Nd7 Rf7 39. Nxc5 Nf5 40. Rc1 Bc8
41. Nb3 a4 42. Na5 g5 43. fxg5 Ne3 44. Rf2 Rxf2 45. Kxf2 Nxf1 46. Rxf1 Ba6 47.
Re1 Rf8+ 48. Ke3 c5 49. Rc1 Re8+ 50. Kf3 c4 51. b3 cxb3 52. axb3 a3 53. Ra1 d4
54. Rxa3 d3 55. Ra2 Kg7 56. Rd2 Kg6 57. h4 Kf5 58. Nc4 Bb7+ 59. Kf2 Rd8 60. Ke3
Kg4 61. Rxd3 Re8+ 62. Kd2 Bf3 63. Kc3 Be2 64. Rd7 Rh8 65. Kd2 Bf1 66. Ne3+ 1-0

[Event "XtraCon-Skakligaen"]
[Site "Denmark"]
[Date "2015.01.11"]
[Round "5.8"]
[White "Junge, Ralph"]
[Black "Simonsen, Carsten"]
[Result "0-1"]
[WhiteElo "2271"]
[BlackElo "2207"]
[PlyCount "46"]
[EventDate "2014.10.25"]
[EventType "team-tourn"]
[EventRounds "9"]
[EventCountry "DEN"]
[WhiteTeam "Bronshoj"]
[BlackTeam "Obro"]
[WhiteTeamCountry "DEN"]
[BlackTeamCountry "DEN"]

1. e4 e5 2. Nf3 Nc6 3. Bc4 Nf6 4. Ng5 d5 5. exd5 Na5 6. Bb5+ c6 7. dxc6 bxc6 8.
Bd3 Ng4 9. Nh3 Bc5 10. Qf3 f5 11. b4 e4 12. Bxe4 fxe4 13. Qxe4+ Be7 14. bxa5
O-O 15. O-O Qd6 16. f4 Bf5 17. Qc4+ Be6 18. Qa4 Bf6 19. Nc3 Qc5+ 20. Kh1 Bxc3
21. dxc3 Qxc3 22. Ba3 Bd5 23. Ng5 Rfe8 0-1

[Event "XtraCon-Skakligaen"]
[Site "Denmark"]
[Date "2015.01.25"]
[Round "6.1"]
[White "Rasmussen, Allan Stig"]
[Black "Hillarp Persson, Tiger"]
[Result "1-0"]
[WhiteElo "2524"]
[BlackElo "2555"]
[PlyCount "59"]
[EventDate "2014.10.25"]
[EventType "team-tourn"]
[EventRounds "9"]
[EventCountry "DEN"]
[WhiteTeam "Jetsmark"]
[BlackTeam "Bronshoj"]
[WhiteTeamCountry "DEN"]
[BlackTeamCountry "DEN"]

1. e4 c5 2. Nf3 d6 3. d4 cxd4 4. Nxd4 Nf6 5. Nc3 a6 6. h3 e5 7. Nb3 Be6 8. f4
Nc6 9. f5 Bxb3 10. axb3 d5 11. exd5 Nd4 12. Qd3 Rc8 13. Bd2 Be7 14. O-O-O Nxd5
15. Qe4 Nb4 16. Bf4 Nxb3+ 17. Kb1 Qa5 18. cxb3 Rxc3 19. bxc3 Qa2+ 20. Kc1 O-O
21. Bc4 Qa1+ 22. Kd2 Qb2+ 23. Ke1 Bh4+ 24. g3 Qxc3+ 25. Ke2 exf4 26. gxh4 b5
27. Bxf7+ Kh8 28. Qe7 Qc8 29. f6 Nc6 30. fxg7+ 1-0

[Event "XtraCon-Skakligaen"]
[Site "Denmark"]
[Date "2015.01.25"]
[Round "6.2"]
[White "Hoi, Carsten"]
[Black "Ochsner, Bjorn Moller"]
[Result "1-0"]
[WhiteElo "2395"]
[BlackElo "2342"]
[PlyCount "129"]
[EventDate "2014.10.25"]
[EventType "team-tourn"]
[EventRounds "9"]
[EventCountry "DEN"]
[WhiteTeam "Bronshoj"]
[BlackTeam "Jetsmark"]
[WhiteTeamCountry "DEN"]
[BlackTeamCountry "DEN"]

1. d4 Nf6 2. Nf3 e6 3. Bg5 h6 4. Bh4 d6 5. c4 g5 6. Bg3 Nh5 7. e3 Bg7 8. Nc3
Nd7 9. Bd3 Qe7 10. Qc2 a6 11. c5 O-O 12. cxd6 cxd6 13. Rc1 f5 14. O-O Nxg3 15.
hxg3 Qf7 16. e4 f4 17. g4 Kh8 18. e5 dxe5 19. Ne4 exd4 20. Qc7 Bf6 21. Nd6 Qe7
22. Rfe1 Rd8 23. Qxd8+ Qxd8 24. Nf7+ Kg7 25. Nxd8 Bxd8 26. Nxd4 Nf8 27. Be4 Bb6
28. Red1 Rb8 29. Nf3 Kf6 30. Rd6 Ba5 31. a3 Ke7 32. Rd3 Nd7 33. b4 Bb6 34. Rdc3
Kd8 35. Rd1 Ke7 36. Nd2 Nf6 37. Bf3 Bd7 38. Ne4 Nd5 39. Rcc1 Bc6 40. Nc5 Re8
41. Re1 Kd6 42. Ne4+ Kd7 43. Nc3 Nxc3 44. Rxc3 e5 45. Bxc6+ bxc6 46. Rd1+ Bd4
47. Kf1 Kc7 48. Rh3 Rh8 49. Ke2 Kb6 50. Rdh1 e4 51. Rxh6 f3+ 52. gxf3 exf3+ 53.
Kxf3 Rf8+ 54. Ke4 Rf4+ 55. Kd3 Bb2 56. a4 Rxf2 57. R1h2 Rf3+ 58. Kc2 Bd4 59.
Rd2 Rc3+ 60. Kd1 Rc4 61. Rc2 Rxb4 62. Rcxc6+ Kb7 63. Rcg6 Ba7 64. Rxg5 Bd4 65.
Rgg6 1-0

[Event "XtraCon-Skakligaen"]
[Site "Denmark"]
[Date "2015.01.25"]
[Round "6.3"]
[White "Jensen, Bjarke"]
[Black "Aabling Thomsen, Jakob"]
[Result "1-0"]
[WhiteElo "2351"]
[BlackElo "2316"]
[PlyCount "101"]
[EventDate "2014.10.25"]
[EventType "team-tourn"]
[EventRounds "9"]
[EventCountry "DEN"]
[WhiteTeam "Jetsmark"]
[BlackTeam "Bronshoj"]
[WhiteTeamCountry "DEN"]
[BlackTeamCountry "DEN"]

1. e4 c5 2. Nf3 d6 3. Bc4 Nf6 4. d3 Nc6 5. c3 e6 6. Bb3 d5 7. Nbd2 Be7 8. O-O
O-O 9. Re1 b5 10. e5 Nd7 11. Nf1 f6 12. exf6 Nxf6 13. d4 cxd4 14. cxd4 Bd7 15.
Ng3 Qb6 16. Bc2 Rae8 17. Bg5 Bc8 18. Rc1 Bd6 19. Bb1 Bxg3 20. hxg3 Bb7 21. Ne5
Nxe5 22. Rxe5 Nd7 23. Qh5 h6 24. Bxh6 Nxe5 25. Be3 g6 26. Qxe5 Rc8 27. Rxc8
Bxc8 28. Bh6 Rf7 29. Bxg6 Qc7 30. Qg5 Rg7 31. Bxg7 Kxg7 32. Bd3+ Kf8 33. Qf6+
Kg8 34. Qg6+ Kf8 35. Qf6+ Kg8 36. Bxb5 Qc1+ 37. Kh2 Qxb2 38. Qd8+ Kg7 39. Qe7+
Kg8 40. Qd8+ Kg7 41. Qxc8 Qxb5 42. Qxe6 a5 43. g4 Qc4 44. Qe5+ Kg8 45. a3 Qa2
46. Qe3 a4 47. g5 Qc2 48. Qe6+ Kh8 49. g6 Qxg6 50. Qh3+ Kg7 51. Qg3 1-0

[Event "XtraCon-Skakligaen"]
[Site "Denmark"]
[Date "2015.01.25"]
[Round "6.5"]
[White "Helledie, Anders"]
[Black "Bromann, Thorbjorn"]
[Result "0-1"]
[WhiteElo "2266"]
[BlackElo "2438"]
[PlyCount "114"]
[EventDate "2014.10.25"]
[EventType "team-tourn"]
[EventRounds "9"]
[EventCountry "DEN"]
[WhiteTeam "Jetsmark"]
[BlackTeam "Bronshoj"]
[WhiteTeamCountry "DEN"]
[BlackTeamCountry "DEN"]

1. e4 e6 2. d4 d5 3. Nc3 Nf6 4. e5 Nfd7 5. f4 c5 6. Nf3 Nc6 7. Be3 a6 8. Qd2 b5
9. Be2 Qb6 10. Nd1 b4 11. O-O a5 12. Rc1 cxd4 13. Nxd4 Nxd4 14. Bxd4 Bc5 15.
Bxc5 Qxc5+ 16. Kh1 Ba6 17. Bxa6 Rxa6 18. c4 dxc4 19. Ne3 Nb6 20. Qe2 O-O 21.
Nxc4 Qb5 22. Qe4 Nxc4 23. Rxc4 Raa8 24. Rfc1 Rad8 25. Qc6 Qb8 26. Qc7 Qa8 27.
Qc6 Qa7 28. Qc5 Qd7 29. g3 Qa4 30. a3 Qb3 31. R4c2 Rd5 32. Qc4 Qf3+ 33. Kg1
bxa3 34. bxa3 Rfd8 35. Rf2 Qxa3 36. Rcc2 h5 37. Ra2 Qe3 38. Qe2 Qc1+ 39. Kg2 g6
40. Qc2 Qe1 41. Re2 Qb4 42. Qc7 h4 43. Rab2 Qa4 44. Qe7 hxg3 45. hxg3 Qc6 46.
Kh3 Rd1 47. Kg4 R1d3 48. Rf2 Qh1 49. Qh4 Qe4 50. Qf6 Qe3 51. Qh4 Qe4 52. Qf6 a4
53. Rh2 Qf5+ 54. Qxf5 gxf5+ 55. Kg5 Kg7 56. Rh3 a3 57. Rbh2 Rg8 0-1

[Event "XtraCon-Skakligaen"]
[Site "Denmark"]
[Date "2015.01.25"]
[Round "6.6"]
[White "Palm, Nikolaj"]
[Black "Christensen, Stefan"]
[Result "1-0"]
[WhiteElo "2340"]
[BlackElo "2258"]
[PlyCount "131"]
[EventDate "2014.10.25"]
[EventType "team-tourn"]
[EventRounds "9"]
[EventCountry "DEN"]
[WhiteTeam "Bronshoj"]
[BlackTeam "Jetsmark"]
[WhiteTeamCountry "DEN"]
[BlackTeamCountry "DEN"]

1. d4 e6 2. Nf3 Nf6 3. e3 d5 4. Bd3 Bd6 5. b3 O-O 6. Bb2 b6 7. O-O Bb7 8. c4
Nbd7 9. Qe2 Ne4 10. Ne5 Bxe5 11. dxe5 Nec5 12. Bc2 dxc4 13. bxc4 Qh4 14. Nd2
Rfd8 15. Rad1 a5 16. f4 a4 17. Nf3 Qh5 18. Rd4 a3 19. Ba1 Nf8 20. Bc3 Ng6 21.
Qe1 Ne7 22. Bb4 Nc6 23. Rxd8+ Rxd8 24. Bxa3 Ra8 25. Bxc5 bxc5 26. Be4 Na5 27.
Bxb7 Nxb7 28. Qb1 Nd8 29. Qb5 f6 30. Qxc5 Qg6 31. Qd4 Nc6 32. Qd7 Qe8 33. Qxc7
Rxa2 34. exf6 gxf6 35. Qd6 Na5 36. c5 Nc4 37. Qd3 Qg6 38. Qxg6+ hxg6 39. Rc1
Nxe3 40. c6 Ra8 41. Nd4 Nd5 42. Nxe6 Kf7 43. f5 gxf5 44. Nd4 f4 45. c7 Rc8 46.
Nb5 Ke6 47. Kf2 Kd7 48. Rd1 Ke6 49. Kf3 f5 50. h4 Ke5 51. h5 Nxc7 52. Rc1 Rb8
53. Nxc7 Rb3+ 54. Kf2 Rb2+ 55. Kg1 f3 56. gxf3 Kf4 57. h6 Kg3 58. Nd5 Rg2+ 59.
Kf1 Rh2 60. Rc3 Rxh6 61. f4+ Kg4 62. Kf2 Rh2+ 63. Ke3 Rh3+ 64. Kd4 Rh1 65. Ke5
Rh2 66. Ne3+ 1-0

[Event "XtraCon-Skakligaen"]
[Site "Denmark"]
[Date "2015.01.25"]
[Round "6.7"]
[White "Rosenkilde, Alexander"]
[Black "Carstensen, Jacob"]
[Result "0-1"]
[WhiteElo "2211"]
[BlackElo "2357"]
[PlyCount "70"]
[EventDate "2014.10.25"]
[EventType "team-tourn"]
[EventRounds "9"]
[EventCountry "DEN"]
[WhiteTeam "Jetsmark"]
[BlackTeam "Bronshoj"]
[WhiteTeamCountry "DEN"]
[BlackTeamCountry "DEN"]

1. d4 Nf6 2. c4 e6 3. g3 d5 4. Nf3 dxc4 5. Bg2 Bb4+ 6. Bd2 a5 7. Bxb4 axb4 8.
Ne5 O-O 9. Nxc4 Nc6 10. e3 Nd5 11. Qc2 b6 12. O-O Ba6 13. Rd1 Bxc4 14. Qxc4 Na5
15. Qc2 Qe7 16. Nd2 Rfd8 17. Rac1 Rac8 18. Nc4 Nxc4 19. Qxc4 g6 20. Qc6 h5 21.
Rd2 h4 22. g4 h3 23. Bxh3 Qh4 24. Bg2 Qxg4 25. Qb5 Ra8 26. Qe2 Qh4 27. Qf3 Rxa2
28. Qg3 Qf6 29. Bxd5 Rxd5 30. f4 c5 31. Rdc2 Kg7 32. dxc5 Rxc5 33. Qf2 Rxb2 34.
Rxb2 Rxc1+ 35. Kg2 Qc3 0-1

[Event "XtraCon-Skakligaen"]
[Site "Denmark"]
[Date "2015.01.25"]
[Round "6.8"]
[White "Greger, Roland Reinhard"]
[Black "Rathlev, Jakob"]
[Result "1/2-1/2"]
[WhiteElo "2331"]
[BlackElo "2238"]
[PlyCount "102"]
[EventDate "2014.10.25"]
[EventType "team-tourn"]
[EventRounds "9"]
[EventCountry "DEN"]
[WhiteTeam "Bronshoj"]
[BlackTeam "Jetsmark"]
[WhiteTeamCountry "DEN"]
[BlackTeamCountry "DEN"]

1. e4 e6 2. d3 c5 3. g3 Nc6 4. Bg2 Nge7 5. f4 d5 6. Nc3 g6 7. Nf3 Bg7 8. O-O
O-O 9. Qe1 Nd4 10. Nxd4 cxd4 11. Nd1 Qc7 12. Rf2 Bd7 13. e5 f6 14. exf6 Rxf6
15. Re2 Re8 16. Nf2 Rff8 17. Ng4 Nc6 18. b3 Qd6 19. a4 a5 20. Ne5 Nxe5 21. fxe5
Qc7 22. Ba3 Rf5 23. Bd6 Qb6 24. b4 axb4 25. a5 Qb5 26. Bh3 Rh5 27. Kg2 Bf8 28.
g4 Rxh3 29. Kxh3 b3 30. Bxf8 Rxf8 31. Rf2 b2 32. Rxf8+ Kxf8 33. Qf2+ Ke8 34.
Rf1 Qb4 35. Qf7+ Kd8 36. Qf8+ Qxf8 37. Rxf8+ Kc7 38. Rf1 Ba4 39. Rb1 Bxc2 40.
Rxb2 Bxd3 41. Kh4 h6 42. Rd2 Bc4 43. Rxd4 Kc6 44. Rd2 Kc5 45. g5 h5 46. Kg3 Kb4
47. Rb2+ Bb3 48. Kf4 Kc3 49. Rf2 d4 50. h4 Bd5 51. Rh2 Bc6 1/2-1/2

[Event "XtraCon-Skakligaen"]
[Site "Denmark"]
[Date "2015.01.25"]
[Round "6.1"]
[White "Teplyi, Igor"]
[Black "Andersen, Mads"]
[Result "1/2-1/2"]
[WhiteElo "2381"]
[BlackElo "2485"]
[PlyCount "59"]
[EventDate "2014.10.25"]
[EventType "team-tourn"]
[EventRounds "9"]
[EventCountry "DEN"]
[WhiteTeam "Nordre"]
[BlackTeam "Skanderborg"]
[WhiteTeamCountry "DEN"]
[BlackTeamCountry "DEN"]

1. d4 d5 2. c4 c6 3. Nf3 Nf6 4. Nc3 dxc4 5. a4 Bf5 6. e3 e6 7. Bxc4 Bb4 8. O-O
Nbd7 9. Qe2 Bg6 10. e4 O-O 11. Bd3 Bh5 12. e5 Nd5 13. Nxd5 cxd5 14. Qe3 Re8 15.
Bd2 Qe7 16. Ne1 Bxd2 17. Qxd2 Rec8 18. Nc2 Bg6 19. Bxg6 fxg6 20. Ne3 Nb8 21.
Rfc1 Rxc1+ 22. Rxc1 Nc6 23. f4 Rf8 24. Nc2 a5 25. Rf1 Rc8 26. Rf3 Nb4 27. Rc3
Rxc3 28. Qxc3 Nxc2 29. Qxc2 Qb4 30. Qc8+ 1/2-1/2

[Event "XtraCon-Skakligaen"]
[Site "Denmark"]
[Date "2015.01.25"]
[Round "6.2"]
[White "Palo, Davor"]
[Black "Baekgaard, Martin"]
[Result "1/2-1/2"]
[WhiteElo "2558"]
[BlackElo "2318"]
[PlyCount "42"]
[EventDate "2014.10.25"]
[EventType "team-tourn"]
[EventRounds "9"]
[EventCountry "DEN"]
[WhiteTeam "Skanderborg"]
[BlackTeam "Nordre"]
[WhiteTeamCountry "DEN"]
[BlackTeamCountry "DEN"]

1. d4 Nf6 2. c4 g6 3. Nc3 d5 4. Nf3 Bg7 5. Qb3 dxc4 6. Qxc4 O-O 7. e4 Nc6 8.
Be2 Bg4 9. d5 Na5 10. Qa4 Bxf3 11. Bxf3 c6 12. O-O b5 13. Qb4 a6 14. Rd1 Nd7
15. Be3 c5 16. Bxc5 Nxc5 17. Qxc5 Nc4 18. Rab1 Rc8 19. Qa7 Ra8 20. Qc5 Rc8 21.
Qa7 Ra8 1/2-1/2

[Event "XtraCon-Skakligaen"]
[Site "Denmark"]
[Date "2015.01.25"]
[Round "6.3"]
[White "Petersen, Tom Petri"]
[Black "Semcesen, Daniel"]
[Result "1-0"]
[WhiteElo "2334"]
[BlackElo "2480"]
[PlyCount "81"]
[EventDate "2014.10.25"]
[EventType "team-tourn"]
[EventRounds "9"]
[EventCountry "DEN"]
[WhiteTeam "Nordre"]
[BlackTeam "Skanderborg"]
[WhiteTeamCountry "DEN"]
[BlackTeamCountry "DEN"]

1. Nf3 f5 2. g3 Nf6 3. Bg2 g6 4. c4 Bg7 5. Nc3 O-O 6. O-O d6 7. d4 c6 8. b3 Qa5
9. Qc2 e5 10. e3 Na6 11. a3 e4 12. Nd2 d5 13. b4 Qd8 14. b5 Nc7 15. a4 g5 16.
cxd5 cxd5 17. f4 gxf4 18. gxf4 Ng4 19. Nb3 b6 20. h3 Nh6 21. Rf2 Kh8 22. Bf1
Rf6 23. Rg2 Rg6 24. Ba3 Be6 25. Rc1 Rc8 26. Qb2 Ne8 27. Na2 Ng8 28. Rxc8 Qxc8
29. Qc1 Qxc1 30. Nbxc1 Bf6 31. Nb3 Kg7 32. Be2 Bf7 33. a5 Ne7 34. Nb4 Nc7 35.
Na6 Ne8 36. Nb4 Nc7 37. Na6 Ne8 38. Nb4 Nc8 39. Nc6 Bh4 40. Nxa7 Nxa7 41. axb6
1-0

[Event "XtraCon-Skakligaen"]
[Site "Denmark"]
[Date "2015.01.25"]
[Round "6.4"]
[White "Pedersen, Nicolai Vesterbaek"]
[Black "Sloth, Jorn"]
[Result "1/2-1/2"]
[WhiteElo "2400"]
[BlackElo "2318"]
[PlyCount "32"]
[EventDate "2014.10.25"]
[EventType "team-tourn"]
[EventRounds "9"]
[EventCountry "DEN"]
[WhiteTeam "Skanderborg"]
[BlackTeam "Nordre"]
[WhiteTeamCountry "DEN"]
[BlackTeamCountry "DEN"]

1. e4 e6 2. d4 d5 3. Nd2 c5 4. Ngf3 Nf6 5. exd5 Nxd5 6. Ne4 cxd4 7. Nxd4 Be7 8.
Bb5+ Bd7 9. O-O O-O 10. Qe2 Qb6 11. Rd1 Nc6 12. Nb3 Rfd8 13. c4 Nf6 14. Nd6 Qc7
15. Bf4 e5 16. Bxc6 Bxd6 1/2-1/2

[Event "XtraCon-Skakligaen"]
[Site "Denmark"]
[Date "2015.01.25"]
[Round "6.5"]
[White "Veng, Johny"]
[Black "Pedersen, Steffen"]
[Result "1/2-1/2"]
[WhiteElo "2281"]
[BlackElo "2417"]
[PlyCount "36"]
[EventDate "2014.10.25"]
[EventType "team-tourn"]
[EventRounds "9"]
[EventCountry "DEN"]
[WhiteTeam "Nordre"]
[BlackTeam "Skanderborg"]
[WhiteTeamCountry "DEN"]
[BlackTeamCountry "DEN"]

1. d4 d5 2. c4 e6 3. Nf3 Nf6 4. g3 dxc4 5. Bg2 c5 6. Qa4+ Bd7 7. Qxc4 Nc6 8.
Nc3 cxd4 9. Nxd4 Rc8 10. O-O Nxd4 11. Qxd4 Bc5 12. Qf4 b5 13. Be3 O-O 14. Bxc5
Rxc5 15. Rfd1 Qc7 16. Qd6 Rc8 17. a3 Be8 18. Qa6 Rb8 1/2-1/2

[Event "XtraCon-Skakligaen"]
[Site "Denmark"]
[Date "2015.01.25"]
[Round "6.6"]
[White "Pedersen, Jan"]
[Black "Hoiberg, Nina"]
[Result "1-0"]
[WhiteElo "2393"]
[BlackElo "2209"]
[PlyCount "95"]
[EventDate "2014.10.25"]
[EventType "team-tourn"]
[EventRounds "9"]
[EventCountry "DEN"]
[WhiteTeam "Skanderborg"]
[BlackTeam "Nordre"]
[WhiteTeamCountry "DEN"]
[BlackTeamCountry "DEN"]

1. c4 d6 2. Nc3 e5 3. g3 c6 4. d4 Be7 5. Nf3 Qc7 6. Bg2 Nd7 7. O-O Nf8 8. c5
Ng6 9. cxd6 Bxd6 10. Ne4 Be7 11. dxe5 Nxe5 12. Nxe5 Qxe5 13. Bf4 Qe6 14. Qd4
Nf6 15. Nd6+ Kf8 16. Nxc8 Qxc8 17. Rac1 h6 18. b4 Qd7 19. Qxd7 Nxd7 20. b5 g5
21. Be3 cxb5 22. Rc7 Nb6 23. Rxb7 Rd8 24. Rc1 Nc4 25. Bxa7 Rd2 26. Rxb5 Nd6 27.
Rb8+ Kg7 28. Rxh8 Kxh8 29. a4 Rxe2 30. Bd4+ Kg8 31. Bf3 Ra2 32. Ra1 Rxa1+ 33.
Bxa1 Nc4 34. Bd5 Nb6 35. Bb3 Bb4 36. Bd4 Ba5 37. Kf1 Kf8 38. g4 Nd7 39. Ke2 Ke7
40. Kd3 Nf6 41. h3 Ne8 42. Ke4 Nc7 43. Bc4 Ne8 44. Kd5 f6 45. Bc5+ Kd8 46. Ke6
Kc7 47. Bb5 Ng7+ 48. Kf7 1-0